Спомен, Печал и Трън (Запис номер 109827)
[ съкратено ]
| 000 -Лидер | |
|---|---|
| Контролно поле с фиксирана дължина | 01370nam a2200325 c 4500 |
| 003 - Код на организацията, давaща контролен номер | |
| Контролно поле | BLK |
| 005 - Дата и час на последна редакция | |
| Контролно поле | 20231101172815.0 |
| 008 - Елементи от данни с фиксирана дължина | |
| fixed length control field | 180409b bul|||||r ||||||| ||bul|| |
| 010 ## - Наследен системен номер | |
| LC control number | KNG00115148000 |
| 020 ## - Международен стандартен номер на книга ISBN | |
| Международен стандартен номер на книга ISBN | 954-585-566-5 |
| -- | издат.: Бард - на том(кн. 3, ч. 2) |
| 040 ## - Източник на каталожния запис | |
| Идентификатор на билиотеката - собственик на записа | BLK |
| 041 ## - Код за език | |
| Код за езика на текст/звукозапис или на отделно заглавие | Български |
| Код за езика КДБФ | Български |
| 080 ## - УДК | |
| Текстов определител УДК | Американска литература (на САЩ) |
| УДК код - определител по УДК | 821.111(73) |
| УДК определител | -312.9 |
| УДК - код + определител | 821.111(73)-312.9 |
| 100 1# - Редна дума - Автор | |
| Автор | Уилямс, Тад |
| Авторска отговорност | първи автор |
| R(LIN) | 267578 |
| 139 ## - Редно поле | |
| Редна дума | Уилямс, Тад |
| Авторски знак | Уиля - У 40 |
| 245 10 - Сведения за заглавието | |
| Заглавие | Спомен, Печал и Трън |
| Подзаглавни данни | Кн. 1 - |
| Редно поле (дума) | Тад Уилямс; прев. на том Камен Костов. |
| Том | Кн. 3. Ч. 2 |
| Заглавие на том | Към кулата на Зеления ангел |
| 257 ## - Страна на издаване | |
| Страна на създаване/издаване | Съединени американски щати |
| 260 ## - Област на издателските данни | |
| -- | София |
| Година на издаване | 2004 - |
| 300 ## - Физическа характеристика | |
| Размери/Мащаб | 21 см |
| 380 ## - Жанр | |
| Жанр | Худож. лит. |
| 500 ## - Общи забележки | |
| Забележка | Офс. изд. |
| 700 1# - Други автори (авторска отговорност) | |
| Лично име | Костов, Камен |
| Автороска отговорност (Описва отношението между автора и произведението) | прев. на том |
| 9 (RLIN) | 368020 |
| 760 1# - Описание на основната серия | |
| -- | - на том(кн. 3, ч. 2) |
| Редна дума на основното описание | Уилямс, Тад |
| Място на издаване, издател и година | Бард, 2004 |
| Страници - том | 752 с. : с к. |
| Забележка - том | Ориг. загл. To Green Angel Tower / Tad Williams . |
| Заглавие | Кн. 3. Ч. 2 Към кулата на Зеления ангел |
| 852 ## - Местоположение | |
| Форматна сигнатура | Цб 219455 |
| 856 4# - Електронен адрес и достъп | |
| Електронен формат | pdf - файл |
| Път до файла /url/ | |
| 856 4# - Електронен адрес и достъп | |
| Електронен формат | pdf - файл |
| Път до файла /url/ | |
| 942 ## - АРТИКУЛИ | |
| Вид на библиотечния материал | Книги |
| Скрит в OPAC | Не |
| Koha issues (borrowed), all copies | 6 |
| 944 ## - СЪЗДАВАНЕ И РЕДАКЦИЯ на ЗАПИСА | |
| Създаване/Редакция | Създаване |
| Дата на регистрацията/редакция | 28.09.2004 |
| Служител, извършил регистрацията/редакцията | 30576 |
| Статус, дата на статуса | Цветомила Тодорова |
| 944 ## - СЪЗДАВАНЕ И РЕДАКЦИЯ на ЗАПИСА | |
| Създаване/Редакция | Редакция |
| Дата на регистрацията/редакция | 24.03.2008 |
| Служител, извършил регистрацията/редакцията | |
| 999 ## - СИСТЕМНИ КОНТРОЛНИ НОМЕРА | |
| Koha biblionumber | 109827 |
| Koha biblioitemnumber | 109827 |
| Код за отписване | Код за изгубен артикул | Код за повреда | Коз за рестрикции | Код за отдаване | Артикулен № | Име на библиотеката - собственик | Име на библиотеката, в която се намира в момента | Статус (Текущо местоположение) | Дата на вписване в системата | Местоположение - отдел | Цена в лева | Инвентарен номер | Систематично азбучна сигнатура | Баркод | Номер на екземпляра | Цена в евро | Служебна бележка | Служебен тип на артикула |
|---|---|---|---|---|---|---|---|---|---|---|---|---|---|---|---|---|---|---|
| Не е изгубен | Не е повреден | без рестрикции | заемане за дома | 176976 | Регионална библиотека "Любен Каравелов" Русе | Регионална библиотека "Любен Каравелов" Русе | Заемна - подръчен фонд | 2004-09-28 | Заемна - подръчен фонд | 12.00 | 120000688777 | П 820(73)-31/У 40 | 120000688777 | 1 | 6.14 | Дост: Pk Вид: Ф N: 27 Дата: 28.09.2004 Дата инв: 13.02.2018 Бележки инв: П2018 | Книги | |
| Не е изгубен | Не е повреден | без рестрикции | ползва се в читалня | 176977 | Регионална библиотека "Любен Каравелов" Русе | Регионална библиотека "Любен Каравелов" Русе | Хранилище | 2007-10-30 | Хранилище | 12.00 | 120000718969 | Цб 219455 | 120000718969 | 2 | 6.14 | Дост: Dp Вид: Д N: 25 Дата: 31.05.2007 | Книги |